Nhà ở Trung Quốc

Trung Quốc có lãnh thổ rộng lớn, lịch sử lâu đời, môi trường tự nhiên và nhân văn của mỗi khu vực đều có những nét đặc trưng riêng, vì vậy tính đa dạng của nhà ở tại Trung Quốc được coi là khá hiếm thấy trong lich sử thế giới. Nơi...

全面介紹

Đã lưu trong:
書目詳細資料
主要作者: Đơn, Đức Khải
格式: 圖書
語言:Undetermined
出版: Thành phố Hồ Chí Minh Tổng hợp Thành phố Hồ Chí Minh 2015
主題:
標簽: 添加標簽
沒有標簽, 成為第一個標記此記錄!
Thư viện lưu trữ: Trung tâm Học liệu Trường Đại học Cần Thơ
LEADER 01673nam a2200205Ia 4500
001 CTU_221026
008 210402s9999 xx 000 0 und d
020 |c 100000 
082 |a 728.0951 
082 |b Kh103 
100 |a Đơn, Đức Khải 
245 0 |a Nhà ở Trung Quốc 
245 0 |c Đơn Đức Khải ; Trần Thị Phương Liên, Trương Khiết Mi (dịch) ; Nguyễn Thị Hậu (Hiệu đính và giới thiệu) 
260 |a Thành phố Hồ Chí Minh 
260 |b Tổng hợp Thành phố Hồ Chí Minh 
260 |c 2015 
520 |a Trung Quốc có lãnh thổ rộng lớn, lịch sử lâu đời, môi trường tự nhiên và nhân văn của mỗi khu vực đều có những nét đặc trưng riêng, vì vậy tính đa dạng của nhà ở tại Trung Quốc được coi là khá hiếm thấy trong lich sử thế giới. Nơi đây có một Tứ hợp viện Bắc Kinh hoành tráng kín cổng cao tường, có kiến trúc nhà ở Hoàn Nam với nét đẹp thanh nhã, mộc mạc, nhà ở Chiết Giang xây ven sông hồ, có cả lầu canh Tây Tạng xây dựng theo bề mặt địa hình, hùng vĩ tráng lệ... Dù thuộc kiểu kiến trúc nào cũng đều mang đậm nét lãng mạn, và chứa đựng triết lý "thiên địa hợp nhất". 
650 |a Kiến trúc, Trung Quốc,Architecture, Chinese 
904 |i Hải 
980 |a Trung tâm Học liệu Trường Đại học Cần Thơ